LIBRARY & INFORMATION CENTRE, KCAET, TAVANUR

ONLINE PUBLIC ACCESS CATALOGUE (OPAC)

Engineering materials / (Record no. 2280)

MARC details
000 -LEADER
fixed length control field 00409cam a2200169ua 4500
003 - CONTROL NUMBER IDENTIFIER
control field OSt
008 - FIXED-LENGTH DATA ELEMENTS--GENERAL INFORMATION
fixed length control field 260221b |||||||| |||| 00| 0 eng d
041 ## - LANGUAGE CODE
Language code of text/sound track or separate title eng
082 ## - DEWEY DECIMAL CLASSIFICATION NUMBER
Classification number 691
Item number RAJ/EN
100 ## - MAIN ENTRY--AUTHOR NAME
Personal name Rajaraman, S .
245 ## - TITLE STATEMENT
Title Engineering materials /
250 ## - EDITION STATEMENT
Edition statement 12 /
260 ## - PUBLICATION, DISTRIBUTION, ETC. (IMPRINT)
Place of publication Thiruvananthapuram :
Name of publisher St Josephs Press ,
Year of publication 1920.
300 ## - PHYSICAL DESCRIPTION
Number of Pages 312 ; .
942 ## - ADDED ENTRY ELEMENTS (KOHA)
Koha item type Books
Holdings
Withdrawn status Lost status Damaged status Home library Current library Date acquired Cost, normal purchase price Full call number Accession Number Koha item type
      KAUAET KAUAET 07/04/2012 6.00 691 RAJ/EN 7177 Books
free website counter